00293nam a2200133Ia 4500003000400000005001700004008004100021020001600062040001700078100001600095245002600111260001400137300000800151OSt20240330151903.0170524s9999 xx 000 0 und d a 9788180522 cIIMTU MEERUT aAggarwal HS 0aMicroeconomics Theory aAne Books a961